[Event "Cto Equipos Aragon 2013 Preferente I"]
[Site "Aragon"]
[Date "2013.03.16"]
[Round "8.34"]
[White "Naya Sancho, Jose Ignacio"]
[Black "Ballonga Arruebo, Alejandro"]
[Result "1-0"]
[WhiteElo "2130"]
[BlackElo "1706"]
[PlyCount "47"]
[EventDate "2013.??.??"]
[EventType "tourn"]
[EventRounds "9"]
[EventCountry "ESP"]
[WhiteTeam "CCOO Delicias"]
[BlackTeam "Shatranj"]

1. e4 e6 2. Qe2 e5 3. Nf3 Nc6 4. c3 d5 5. d3 Bg4 6. Nbd2 Nf6 7. h3 Bxf3 8. Nxf3
d4 9. g3 a5 10. Bg2 Bc5 11. O-O b5 12. Qc2 Qd6 13. Bg5 Nd7 14. Rac1 f6 15. Bd2
dxc3 16. bxc3 Ba3 17. Rcd1 Nc5 18. d4 exd4 19. Nxd4 Nxd4 20. cxd4 Qxd4 21. e5
O-O-O 22. Qf5+ Kb8 23. Qf3 Ka7 24. Be3 1-0

[Event "Cto Equipos Aragon 2013 Preferente I"]
[Site "Aragon"]
[Date "2013.03.16"]
[Round "8.35"]
[White "Aznar Andres, Pilar"]
[Black "Llanes Luno, Pedro Alfredo"]
[Result "0-1"]
[WhiteElo "1609"]
[BlackElo "2102"]
[PlyCount "27"]
[EventDate "2013.??.??"]
[EventType "tourn"]
[EventRounds "9"]
[EventCountry "ESP"]
[WhiteTeam "Shatranj"]
[BlackTeam "CCOO Delicias"]

1. e4 e5 2. Nc3 Nc6 3. g3 g6 4. Bg2 Bg7 5. f4 d6 6. Nf3 Nge7 7. O-O O-O 8. d3
b6 9. h3 d5 10. g4 dxe4 11. Nxe4 f5 12. Ng3 fxg4 13. hxg4 e4 14. Nxe4 0-1

[Event "Cto Equipos Aragon 2013 Preferente I"]
[Site "Aragon"]
[Date "2013.03.24"]
[Round "8.36"]
[White "Campo Millan, Diego"]
[Black "Alvaro Rada, Gonzalo"]
[Result "1-0"]
[WhiteElo "2082"]
[BlackElo "1581"]
[PlyCount "42"]
[EventDate "2013.??.??"]
[EventType "tourn"]
[EventRounds "9"]
[EventCountry "ESP"]
[WhiteTeam "CCOO Delicias"]
[BlackTeam "Shatranj"]

1. c4 c6 2. Nf3 Nf6 3. Nc3 d5 4. d4 Bf5 5. Bf4 dxc4 6. a4 Qb6 7. Qc1 a5 8. e3
Bd3 9. Bxd3 cxd3 10. Ne5 Nbd7 11. Nxd3 Nh5 12. O-O Nxf4 13. exf4 e6 14. Qc2 g6
15. Ne4 Be7 16. Rfd1 O-O 17. Nc3 Rad8 18. Rac1 Rfe8 19. h3 Rc8 20. Nc5 Nxc5 21.
dxc5 Qc7 1-0

[Event "Cto Equipos Aragon 2013 Preferente I"]
[Site "Aragon"]
[Date "2013.03.16"]
[Round "8.37"]
[White "Malo Guillen, Jose Luis"]
[Black "Aparicio Navarro, Pedro Jose"]
[Result "1-0"]
[WhiteElo "2170"]
[BlackElo "2175"]
[PlyCount "39"]
[EventDate "2013.??.??"]
[EventType "tourn"]
[EventRounds "9"]
[EventCountry "ESP"]
[WhiteTeam "Las Fuentes"]
[BlackTeam "Helios B"]

1. d4 Nf6 2. Nf3 e6 3. g3 c5 4. Bg2 Nc6 5. O-O d5 6. c4 Be7 7. cxd5 exd5 8.
dxc5 Bxc5 9. Bg5 Be6 10. Nc3 O-O 11. Na4 Be7 12. Rc1 h6 13. Be3 Ne4 14. Nd4
Nxd4 15. Bxd4 b6 16. Nc3 f5 17. Nb5 Bc5 18. b4 Bxd4 19. Qxd4 Qd7 20. Rc7 1-0

[Event "Cto Equipos Aragon 2013 Preferente I"]
[Site "Aragon"]
[Date "2013.03.16"]
[Round "8.38"]
[White "Munoz Munoz, Juan Carlos"]
[Black "Alonso Blasco, Jose Miguel"]
[Result "1/2-1/2"]
[WhiteElo "2092"]
[BlackElo "2116"]
[PlyCount "94"]
[EventDate "2013.??.??"]
[EventType "tourn"]
[EventRounds "9"]
[EventCountry "ESP"]
[WhiteTeam "Helios B"]
[BlackTeam "Las Fuentes"]

1. d4 Nf6 2. Nf3 e6 3. c4 Bb4+ 4. Bd2 Qe7 5. g3 Nc6 6. Bg2 Bxd2+ 7. Nbxd2 d6 8.
O-O a5 9. Nb1 O-O 10. Nc3 h6 11. e4 e5 12. h3 b6 13. Re1 Re8 14. Nd5 Qd8 15.
dxe5 Nxe5 16. b3 Bb7 17. Nd4 Nxd5 18. exd5 Qf6 19. Nb5 Re7 20. f4 Ng6 21. Qd2
Ba6 22. Rxe7 Qxe7 23. Re1 Qd7 24. Nd4 Re8 25. Rxe8+ Qxe8 26. Qe2 Qxe2 27. Nxe2
Bc8 28. Nd4 Bd7 29. Kf2 Ne7 30. g4 g5 31. fxg5 hxg5 32. Be4 Kg7 33. Ke3 Kf6 34.
Bh7 Kg7 35. Bd3 Kf6 36. a3 Ke5 37. Nf3+ Kf6 38. b4 axb4 39. axb4 Bc8 40. Nd4
Ba6 41. Nf3 Ng6 42. Bxg6 Kxg6 43. b5 Bc8 44. Nd4 f5 45. Kf3 fxg4+ 46. hxg4 Bd7
47. Nc6 Bxc6 1/2-1/2

[Event "Cto Equipos Aragon 2013 Preferente I"]
[Site "Aragon"]
[Date "2013.03.16"]
[Round "8.39"]
[White "Mombiela de Sus, Jose Luis"]
[Black "Flores Samperiz, Jorge"]
[Result "1-0"]
[WhiteElo "2030"]
[BlackElo "1994"]
[PlyCount "51"]
[EventDate "2013.??.??"]
[EventType "tourn"]
[EventRounds "9"]
[EventCountry "ESP"]
[WhiteTeam "Las Fuentes"]
[BlackTeam "Helios B"]

1. c4 Nf6 2. g3 g6 3. Bg2 Bg7 4. Nc3 d6 5. e4 e5 6. Nge2 Nbd7 7. O-O O-O 8. d3
c6 9. h3 b6 10. Be3 Bb7 11. Qd2 Ne8 12. f4 exf4 13. gxf4 Nc7 14. f5 Nf6 15. Bg5
Qd7 16. Ng3 Rae8 17. Rae1 b5 18. cxb5 cxb5 19. e5 Bxg2 20. exf6 Bxf1 21. fxg7
Bxh3 22. gxf8=Q+ Rxf8 23. Bf6 Re8 24. Nce4 Bxf5 25. Qh6 Ne6 26. Ng5 1-0

[Event "Cto Equipos Aragon 2013 Preferente I"]
[Site "Aragon"]
[Date "2013.03.16"]
[Round "8.45"]
[White "Pellicer Cemeli, Jose Luis"]
[Black "Sanmartin Agustin, Borja"]
[Result "1-0"]
[WhiteElo "2068"]
[BlackElo "2021"]
[PlyCount "89"]
[EventDate "2013.??.??"]
[EventType "tourn"]
[EventRounds "9"]
[EventCountry "ESP"]
[WhiteTeam "L`Aurora Estadilla B"]
[BlackTeam "El Olivar C"]

1. d4 Nf6 2. c4 c5 3. d5 e6 4. Nc3 exd5 5. cxd5 d6 6. e4 g6 7. Nf3 Bg7 8. Be2
O-O 9. O-O a6 10. a4 Re8 11. Nd2 Nbd7 12. f4 Rb8 13. Ra3 Qc7 14. Qc2 c4 15. a5
Nc5 16. Bxc4 Ng4 17. Nf3 b5 18. axb6 Qxb6 19. Kh1 Bxc3 20. Qxc3 Nxe4 21. Qd4
Qc7 22. b3 Nef2+ 23. Rxf2 Nxf2+ 24. Qxf2 Rxb3 25. Rxb3 Qxc4 26. Qb2 Re1+ 27.
Ng1 Qxc1 28. Qf2 Rf1 29. Qb6 Bf5 30. Qd4 Rxg1+ 31. Qxg1 Qxg1+ 32. Kxg1 Be4 33.
Rb6 Bxd5 34. Rxa6 Be4 35. Rxd6 Kg7 36. Kf2 Bc2 37. g4 Be4 38. Ke3 Bc2 39. h4 h5
40. gxh5 gxh5 41. Kd4 Bf5 42. Ke5 Bg4 43. f5 Bh3 44. Rd3 Bg4 45. Rg3 1-0

[Event "Cto Equipos Aragon 2013 Preferente I"]
[Site "Aragon"]
[Date "2013.03.16"]
[Round "8.46"]
[White "Hernandez Delgado, Gabriel"]
[Black "Puertolas Serena, Arturo"]
[Result "1-0"]
[WhiteElo "1974"]
[BlackElo "1920"]
[PlyCount "127"]
[EventDate "2013.??.??"]
[EventType "tourn"]
[EventRounds "9"]
[EventCountry "ESP"]
[WhiteTeam "El Olivar C"]
[BlackTeam "L`Aurora Estadilla B"]

1. d4 d5 2. e3 Nf6 3. Bd3 g6 4. Nd2 Bg7 5. Ngf3 O-O 6. Ne5 Nbd7 7. f4 c5 8. c3
cxd4 9. exd4 Qb6 10. Qb3 e6 11. O-O Qc7 12. Qd1 a6 13. a4 b6 14. Qe2 Bb7 15. g4
Ne8 16. Ndf3 Nd6 17. Bd2 Nf6 18. Rae1 Nfe4 19. Ng5 Nxg5 20. fxg5 Nc4 21. Bf4
Nxe5 22. Bxe5 Bxe5 23. Qxe5 Qxe5 24. Rxe5 a5 25. b3 Rfc8 26. Rc1 Rc7 27. Bb5
Bc6 28. Bf1 Rac8 29. Ba6 Bb7 30. Bxb7 Rxb7 31. Re3 b5 32. axb5 Rxb5 33. c4 dxc4
34. bxc4 Rb4 35. Rec3 Rd8 36. Rd1 a4 37. Kf2 Rb2+ 38. Ke3 Rxh2 39. Kf4 Rf2+ 40.
Ke3 Rh2 41. Ke4 Re2+ 42. Kf3 Rb2 43. Ke4 Re2+ 44. Kd3 Rg2 45. c5 Rxg4 46. Kc4
Rxg5 47. Rcd3 Rgd5 48. Kb5 e5 49. Kb6 Rxd4 50. Rxd4 exd4 51. c6 a3 52. c7 Rc8
53. Rxd4 Rxc7 54. Kxc7 Kg7 55. Kd6 g5 56. Ke5 Kg6 57. Rd6+ Kg7 58. Kf5 h6 59.
Ra6 Kh7 60. Rxa3 Kg7 61. Ra7 Kg8 62. Kf6 g4 63. Ra4 h5 64. Ra5 1-0

[Event "Cto Equipos Aragon 2013 Preferente I"]
[Site "Aragon"]
[Date "2013.03.16"]
[Round "8.47"]
[White "Fuentes Espuna, Juan Antonio"]
[Black "De la Riva Fernandez, Eduardo"]
[Result "1-0"]
[WhiteElo "1912"]
[BlackElo "1970"]
[PlyCount "47"]
[EventDate "2013.??.??"]
[EventType "tourn"]
[EventRounds "9"]
[EventCountry "ESP"]
[WhiteTeam "L`Aurora Estadilla B"]
[BlackTeam "El Olivar C"]

1. c4 c6 2. Nc3 d5 3. cxd5 cxd5 4. d4 Nf6 5. Bf4 a6 6. e3 e6 7. Bd3 Bd6 8. Bg3
b5 9. a3 Bb7 10. Nf3 Ne4 11. Bxe4 dxe4 12. Nd2 f5 13. Qh5+ g6 14. Qe2 Bd5 15.
Rc1 Ra7 16. Bxd6 Qxd6 17. Nxd5 O-O 18. Nc3 Nd7 19. h4 Nb6 20. g4 Rc7 21. gxf5
exf5 22. h5 g5 23. h6 Nd5 24. Nb3 1-0

[Event "Cto Equipos Aragon 2013 Preferente I"]
[Site "Aragon"]
[Date "2013.03.16"]
[Round "8.48"]
[White "Sarto Ramos, Angel"]
[Black "Puig-Pey Pale, Jaime"]
[Result "1-0"]
[WhiteElo "1957"]
[BlackElo "1749"]
[PlyCount "81"]
[EventDate "2013.??.??"]
[EventType "tourn"]
[EventRounds "9"]
[EventCountry "ESP"]
[WhiteTeam "El Olivar C"]
[BlackTeam "L`Aurora Estadilla B"]

1. Nf3 c5 2. c4 g6 3. d3 Bg7 4. g3 Nf6 5. Bg2 O-O 6. Nc3 d6 7. Bg5 Nbd7 8. Qd2
Rb8 9. O-O a6 10. a4 b6 11. Bh6 Bb7 12. Bxg7 Kxg7 13. e4 Bc6 14. Nh4 e5 15. Qg5
Kh8 16. f4 Ng8 17. Qxd8 Rbxd8 18. f5 g5 19. Nf3 f6 20. Nd2 Kg7 21. Bf3 Rb8 22.
Nd5 Bxd5 23. exd5 Ne7 24. Ne4 Nxf5 25. Bg4 Ne3 26. Bxd7 Nxf1 27. Rxf1 Rbd8 28.
Be6 h6 29. g4 Kg6 30. a5 b5 31. cxb5 axb5 32. a6 b4 33. a7 Ra8 34. Ra1 Rfd8 35.
Ra6 h5 36. h3 h4 37. Nxd6 Rxd6 38. Rxd6 Rxa7 39. Rd7 Ra1+ 40. Kf2 Rb1 41. Bf5+
1-0

[Event "Cto Equipos Aragon 2013 Preferente II"]
[Site "Aragon"]
[Date "2013.03.16"]
[Round "8.49"]
[White "Sebastian Bespin, Ruben"]
[Black "Cantin Zaborras, Valentin"]
[Result "1-0"]
[WhiteElo "2158"]
[BlackElo "2123"]
[PlyCount "49"]
[EventDate "2013.??.??"]
[EventType "tourn"]
[EventRounds "9"]
[EventCountry "ESP"]
[WhiteTeam "Marcos Frechin"]
[BlackTeam "Ramiro B"]

1. e4 e5 2. Nf3 Nc6 3. Bc4 Nf6 4. Qe2 Be7 5. c3 O-O 6. d3 d5 7. Bb3 Bg4 8. h3
Bh5 9. Nbd2 dxe4 10. dxe4 Nd7 11. g4 Bg6 12. Nf1 Nc5 13. Bc2 Ne6 14. h4 h5 15.
Ng3 hxg4 16. Ng5 Nf4 17. Qxg4 Nd3+ 18. Ke2 Nxc1+ 19. Raxc1 Qd6 20. h5 Bh7 21.
Nxh7 Kxh7 22. Nf5 Qf6 23. Rcg1 Rg8 24. Qg6+ Kh8 25. h6 1-0

[Event "Cto Equipos Aragon 2013 Preferente II"]
[Site "Aragon"]
[Date "2013.03.16"]
[Round "8.50"]
[White "Valiente Roy, Jose Javier"]
[Black "Jario Garcia, Ricardo"]
[Result "1/2-1/2"]
[WhiteElo "2031"]
[BlackElo "2145"]
[PlyCount "52"]
[EventDate "2013.??.??"]
[EventType "tourn"]
[EventRounds "9"]
[EventCountry "ESP"]
[WhiteTeam "Ramiro B"]
[BlackTeam "Marcos Frechin"]

1. d4 Nf6 2. Bg5 e6 3. e3 h6 4. Bh4 g6 5. Nd2 d6 6. Bd3 Bg7 7. c3 O-O 8. Bxf6
Bxf6 9. Ngf3 Nc6 10. Qc2 e5 11. dxe5 dxe5 12. O-O-O Qe7 13. Rdg1 Be6 14. g4
Rad8 15. h4 Bg7 16. h5 g5 17. Bh7+ Kh8 18. Kb1 Qd7 19. Ne4 Qd5 20. b3 Qd3 21.
Qxd3 Rxd3 22. Nexg5 Rxc3 23. Nxe6 fxe6 24. Be4 Nb4 25. Rc1 Rxc1+ 26. Rxc1 c6
1/2-1/2

[Event "Cto Equipos Aragon 2013 Preferente II"]
[Site "Aragon"]
[Date "2013.03.16"]
[Round "8.51"]
[White "Portero Garnica, Miguel Angel"]
[Black "Munoz Suarez, Luis Alberto"]
[Result "1/2-1/2"]
[WhiteElo "2118"]
[BlackElo "1996"]
[PlyCount "87"]
[EventDate "2013.??.??"]
[EventType "tourn"]
[EventRounds "9"]
[EventCountry "ESP"]
[WhiteTeam "Marcos Frechin"]
[BlackTeam "Ramiro B"]

1. e4 e6 2. d4 d5 3. e5 c5 4. Nf3 Nc6 5. Bd3 Nh6 6. O-O Nf5 7. Bg5 Qb6 8. Bxf5
exf5 9. dxc5 Bxc5 10. Nc3 Be6 11. Nxd5 Bxd5 12. Qxd5 O-O 13. Qc4 Rfe8 14. Rae1
Re6 15. c3 a5 16. b3 Rae8 17. Qf4 f6 18. Qxf5 Nxe5 19. Nxe5 Rxe5 20. Rxe5 Rxe5
21. Qc8+ Kf7 22. Qd7+ Re7 23. Qd5+ Kf8 24. Qf3 Qc6 25. b4 Qxf3 26. gxf3 axb4
27. cxb4 Bxb4 28. Be3 Rc7 29. Rb1 Bd6 30. Rb6 Ke7 31. h3 Kd7 32. Kf1 Be5 33. a3
Kc8 34. f4 Bc3 35. Ke2 f5 36. Kd3 Bf6 37. Bd2 Rd7+ 38. Kc2 Rd5 39. Be3 Kc7 40.
a4 Bd4 41. Rb4 Bxe3 42. fxe3 Rc5+ 43. Kd3 Rc1 44. Rc4+ 1/2-1/2

[Event "Cto Equipos Aragon 2013 Preferente II"]
[Site "Aragon"]
[Date "2013.03.16"]
[Round "8.52"]
[White "Salas Calvo, Alberto"]
[Black "Sancho Cortes, Miguel Angel"]
[Result "1/2-1/2"]
[WhiteElo "1711"]
[BlackElo "2083"]
[PlyCount "53"]
[EventDate "2013.??.??"]
[EventType "tourn"]
[EventRounds "9"]
[EventCountry "ESP"]
[WhiteTeam "Ramiro B"]
[BlackTeam "Marcos Frechin"]

1. d4 Nf6 2. Nf3 e6 3. e3 c5 4. Bd3 Nc6 5. O-O d5 6. b3 Bd6 7. Bb2 O-O 8. Nbd2
Qc7 9. c4 e5 10. cxd5 Nxd5 11. dxc5 Bxc5 12. Qc2 Qe7 13. Nxe5 Nxe5 14. Bxe5
Nxe3 15. Bxh7+ Kh8 16. Bxg7+ Kxg7 17. fxe3 Rh8 18. Qc3+ Kxh7 19. Rf3 Bd6 20.
Raf1 Be6 21. Ne4 Qc7 22. Nf6+ Kh6 23. Qd4 Bxh2+ 24. Kf2 Qc2+ 25. Ke1 Qc1+ 26.
Kf2 Qc2+ 27. Ke1 1/2-1/2

[Event "Cto Equipos Aragon 2013 Preferente II"]
[Site "Aragon"]
[Date "2013.03.16"]
[Round "8.53"]
[White "Garcia Fernandez, Javier"]
[Black "Pes Mateo, Angel"]
[Result "1-0"]
[WhiteElo "2168"]
[BlackElo "2029"]
[PlyCount "63"]
[EventDate "2013.??.??"]
[EventType "tourn"]
[EventRounds "9"]
[EventCountry "ESP"]
[WhiteTeam "Teruel"]
[BlackTeam "CCOO Delicias B"]

1. e4 c5 2. Nf3 a6 3. d4 cxd4 4. Nxd4 e5 5. Nf3 Qc7 6. Nc3 Bb4 7. Bd2 Nf6 8. a3
Be7 9. Bg5 O-O 10. Bxf6 Bxf6 11. Nd5 Qd6 12. c4 Bd8 13. c5 Qg6 14. Qc2 Nc6 15.
O-O-O Rb8 16. Nb6 Bxb6 17. Rd6 Qxd6 18. cxd6 Ba7 19. Bc4 b5 20. Bd5 Rb6 21. Kb1
Bb7 22. Rc1 b4 23. a4 h6 24. Qd3 Kh8 25. Bxc6 Bxc6 26. Nxe5 Bxa4 27. Rc7 Bb8
28. Nxd7 Bxd7 29. Rxd7 b3 30. e5 Rc8 31. Rxf7 Rbc6 32. Qxb3 1-0

[Event "Cto Equipos Aragon 2013 Preferente II"]
[Site "Aragon"]
[Date "2013.03.16"]
[Round "8.54"]
[White "Dominguez Luzon, Fernando"]
[Black "Dominguez Bujeda, Jesus"]
[Result "0-1"]
[WhiteElo "1992"]
[BlackElo "2146"]
[PlyCount "42"]
[EventDate "2013.??.??"]
[EventType "tourn"]
[EventRounds "9"]
[EventCountry "ESP"]
[WhiteTeam "CCOO Delicias B"]
[BlackTeam "Teruel"]

1. d4 d5 2. Nf3 Nf6 3. c4 e6 4. Bg5 Be7 5. Nc3 h6 6. Bh4 O-O 7. e3 b6 8. cxd5
Nxd5 9. Nxd5 exd5 10. Bxe7 Qxe7 11. Rc1 Be6 12. Bd3 c5 13. O-O Rc8 14. e4 Nd7
15. dxc5 Nxc5 16. exd5 Bxd5 17. Re1 Qb7 18. Re3 Nxd3 19. Rxc8+ Rxc8 20. Rxd3
Bxa2 21. Rd7 Qxd7 0-1

[Event "Cto Equipos Aragon 2013 Preferente II"]
[Site "Aragon"]
[Date "2013.03.16"]
[Round "8.55"]
[White "Martin Catalan, Juan Vicente"]
[Black "Naya Sancho, Juan Manuel"]
[Result "1-0"]
[WhiteElo "2096"]
[BlackElo "1895"]
[PlyCount "63"]
[EventDate "2013.??.??"]
[EventType "tourn"]
[EventRounds "9"]
[EventCountry "ESP"]
[WhiteTeam "Teruel"]
[BlackTeam "CCOO Delicias B"]

1. d4 d6 2. Bf4 Nf6 3. Nf3 Bg4 4. Nbd2 Nbd7 5. h3 Bh5 6. c4 c6 7. g4 Bg6 8. Bg2
e6 9. O-O Be7 10. Re1 d5 11. a3 a5 12. b3 O-O 13. Qc1 Ne4 14. Ne5 Nxd2 15. Qxd2
Nxe5 16. Bxe5 Qb6 17. Qc3 Qd8 18. e3 f5 19. Bg3 fxg4 20. hxg4 h5 21. Bh3 hxg4
22. Bxg4 Bf5 23. Bxf5 Rxf5 24. e4 Rh5 25. Qf3 Rh6 26. exd5 Rf6 27. Qe4 Qf8 28.
dxe6 Re8 29. d5 cxd5 30. cxd5 Bc5 31. Ra2 Rf3 32. Kg2 1-0

[Event "Cto Equipos Aragon 2013 Preferente II"]
[Site "Aragon"]
[Date "2013.03.16"]
[Round "8.56"]
[White "Garcia Valer, Jesus V"]
[Black "Barcena Laguia, Francisco"]
[Result "1-0"]
[WhiteElo "1883"]
[BlackElo "1905"]
[PlyCount "47"]
[EventDate "2013.??.??"]
[EventType "tourn"]
[EventRounds "9"]
[EventCountry "ESP"]
[WhiteTeam "CCOO Delicias B"]
[BlackTeam "Teruel"]

1. e4 c5 2. b4 cxb4 3. a3 e5 4. Nf3 Nc6 5. Bc4 Nf6 6. d3 d5 7. exd5 Nxd5 8. O-O
Bg4 9. axb4 Bxb4 10. c3 Be7 11. Qb3 Bxf3 12. gxf3 Bg5 13. Qxb7 O-O 14. f4 Bxf4
15. Bxf4 Nxf4 16. Qxc6 Qg5+ 17. Kh1 Rac8 18. Qf3 Rfe8 19. Nd2 Red8 20. Ne4 Qf5
21. Rxa7 Rxc4 22. dxc4 h6 23. Ng3 Qh3 24. Ra8 1-0

[Event "Cto Equipos Aragon 2013 Preferente II"]
[Site "Aragon"]
[Date "2013.03.16"]
[Round "8.57"]
[White "Lopez Guaita, Fernando"]
[Black "Cebrian Valverde, Jose Antonio"]
[Result "0-1"]
[WhiteElo "2027"]
[BlackElo "2129"]
[PlyCount "76"]
[EventDate "2013.??.??"]
[EventType "tourn"]
[EventRounds "9"]
[EventCountry "ESP"]
[WhiteTeam "ONCE C.A. Aragon B"]
[BlackTeam "San Jose"]

1. e4 e6 2. d3 c5 3. g3 Nc6 4. Bg2 d6 5. Nf3 g6 6. O-O Bg7 7. Nbd2 Rb8 8. Re1
b5 9. Nh4 g5 10. Nhf3 h5 11. h4 g4 12. Nh2 Be5 13. Ndf1 Qf6 14. Rb1 Nge7 15. f4
gxf3 16. Nxf3 Ng6 17. c3 b4 18. Nxe5 Ngxe5 19. Bf4 Ba6 20. Re3 bxc3 21. bxc3
Rxb1 22. Qxb1 Ng4 23. e5 $1 Ncxe5 24. Qb8+ $2 Qd8 25. Qxa7 Nxe3 26. Nxe3 Bxd3
27. Bxe5 dxe5 28. Bc6+ Kf8 29. Qxc5+ Kg7 30. Qxe5+ Qf6 31. Qa5 Be2 32. Ng2 e5
33. Ne3 Bd3 34. Bb7 Rd8 35. Bd5 Rb8 36. Bb3 Rb5 37. Qc7 Qf3 38. Ng2 Be4 0-1

[Event "Cto Equipos Aragon 2013 Preferente II"]
[Site "Aragon"]
[Date "2013.03.16"]
[Round "8.58"]
[White "Gimeno Oteo, Marco Antonio"]
[Black "Sanz Lopez, Ruben"]
[Result "0-1"]
[WhiteElo "2119"]
[BlackElo "1932"]
[PlyCount "60"]
[EventDate "2013.??.??"]
[EventType "tourn"]
[EventRounds "9"]
[EventCountry "ESP"]
[WhiteTeam "San Jose"]
[BlackTeam "ONCE C.A. Aragon B"]

1. e4 c5 2. Nf3 Nc6 3. Nc3 g6 4. d4 cxd4 5. Nxd4 Bg7 6. Be3 Nf6 7. Be2 O-O 8.
h4 $6 d5 $1 9. Nxc6 bxc6 10. e5 Ne8 11. Bd4 (11. f4 $142) 11... f6 (11... Qc7
$142) 12. exf6 Nxf6 13. h5 Qa5 14. hxg6 hxg6 15. O-O $11 Re8 16. b4 $2 Qxb4 17.
Bxf6 exf6 (17... Bxf6 18. Nxd5 cxd5 19. Qxd5+ Kg7 20. Qxa8 Rh8 21. Rad1 Bb7 22.
Qxa7 Qh4 $19) 18. Nxd5 cxd5 19. Bf3 Be6 20. Rb1 Qa5 21. Qd3 f5 22. Rb5 Qc3 23.
Qd1 Rad8 24. Rb7 a5 25. Qb1 g5 26. Qb5 (26. Bh5 Rf8 27. Qb6 Qf6 $19) 26... g4
27. Be2 f4 (27... Bc8 $1) 28. Bd3 Qe5 29. Qxa5 g3 30. Re1 Qh5 0-1

[Event "Cto Equipos Aragon 2013 Preferente II"]
[Site "Aragon"]
[Date "2013.03.16"]
[Round "8.59"]
[White "Landa Garriga, Francisco Javier"]
[Black "Gutierrez Minguenza, Ruben"]
[Result "0-1"]
[WhiteElo "1900"]
[BlackElo "2078"]
[PlyCount "123"]
[EventDate "2013.??.??"]
[EventType "tourn"]
[EventRounds "9"]
[EventCountry "ESP"]
[WhiteTeam "ONCE C.A. Aragon B"]
[BlackTeam "San Jose"]

1. e4 c5 2. Nf3 Nc6 3. d4 cxd4 4. Nxd4 Nf6 5. Nc3 e5 6. Ndb5 d6 7. Bg5 a6 8.
Na3 b5 9. Bxf6 gxf6 10. Nd5 Bg7 11. g3 f5 12. exf5 Bxf5 13. Bg2 Be6 14. c3 O-O
15. Nc2 Rb8 16. Ncb4 Nxb4 17. Nxb4 Rb6 18. O-O a5 19. Nd5 Rb8 20. Qd2 Qd7 21.
Rad1 b4 22. cxb4 Bxd5 23. Bxd5 Rxb4 $16 24. a3 Rb5 25. Rc1 Rc8 26. b3 Rbc5 27.
Rxc5 dxc5 28. Rd1 Qc7 29. a4 Kh8 30. Bc4 e4 31. Qd5 $18 e3 32. fxe3 Qe7 33. e4
Bd4+ 34. Kg2 Rd8 35. Qf5 f6 36. Bd5 Rd6 37. Rf1 Rd8 38. Rf4 Qe5 39. Qh3 Be3 40.
Rf1 Bg5 41. Qg4 Rb8 42. h4 Be3 43. Qf3 Bd4 44. Qg4 Rd8 45. Rf5 Qe7 46. h5 Qg7
47. Qh3 Qh6 48. Qg4 Qd2+ 49. Kh3 Qc1 50. Qf3 Qb2 51. h6 $18 Qa1 52. Qf1 (52. e5
$3 Bxe5 (52... fxe5 53. Rf8+) 53. Qg4) 52... Qc3 53. Qd1 Qe3 54. Rf4 f5 55.
Rxf5 Qxh6+ 56. Qh5 Qc1 57. Qe2 (57. e5 $3) 57... Qh1+ 58. Qh2 Qd1 59. Qg2 Rd6
60. Qf1 $2 $11 (60. Rf8+ Kg7 61. Rg8+ Kf6 (61... Kh6 62. g4 $18) 62. e5+) 60...
Rh6+ 61. Kg2 Qd2+ 62. Qf2 $4 (62. Kf3 Qe3+ 63. Kg2 $11) 0-1

[Event "Cto Equipos Aragon 2013 Preferente II"]
[Site "Aragon"]
[Date "2013.03.16"]
[Round "8.60"]
[White "Palomar Ramon, Santiago"]
[Black "Carilla Garcia, Angel"]
[Result "1-0"]
[WhiteElo "1970"]
[BlackElo "1874"]
[PlyCount "47"]
[EventDate "2013.??.??"]
[EventType "tourn"]
[EventRounds "9"]
[EventCountry "ESP"]
[WhiteTeam "San Jose"]
[BlackTeam "ONCE C.A. Aragon B"]

1. e4 e6 2. d4 d5 3. e5 c5 4. c3 Qb6 5. Nf3 Nc6 6. Bd3 Bd7 7. dxc5 Bxc5 8. O-O
Be7 9. Qe2 d4 $2 10. cxd4 Nxd4 11. Nxd4 Qxd4 12. Nc3 a6 13. Rd1 $16 Qh4 14. Be4
Rb8 15. Be3 Nh6 16. Ba7 Ra8 17. Bb6 Ng4 18. h3 Nxe5 19. Rd4 Qf6 20. Bxb7 Rb8
21. Qxa6 Nc6 22. Rxd7 Ne5 23. Ne4 Qf4 24. Rxe7+ 1-0

[Event "Cto Equipos Aragon 2013 Preferente II"]
[Site "Aragon"]
[Date "2013.03.16"]
[Round "8.61"]
[White "Sanchez Castro, Roberto"]
[Black "Arinez Bruna, Octavio"]
[Result "1-0"]
[WhiteElo "2014"]
[BlackElo "2145"]
[PlyCount "72"]
[EventDate "2013.??.??"]
[EventType "tourn"]
[EventRounds "9"]
[EventCountry "ESP"]
[WhiteTeam "Ibercaja C"]
[BlackTeam "El Olivar B"]

1. e4 c5 2. Nf3 d6 3. d4 cxd4 4. Bb5+ Bd7 5. Bxd7+ Nxd7 6. Qxd4 Ngf6 7. O-O g6
8. c3 Bg7 9. Bg5 O-O 10. Nbd2 Qc7 11. Qe3 a6 12. h3 Rac8 13. Rfe1 Qc5 14. Qe2
Rfe8 15. Be3 Qc7 16. Bf4 Qc5 17. Rad1 Qa5 18. a3 b5 19. g4 Nb6 20. Nf1 Nc4 21.
e5 dxe5 22. Nxe5 Qb6 23. Ne3 Nxe5 24. Bxe5 e6 25. Rd6 Qb7 26. Red1 Ne4 27. Rd7
Qc6 28. Bxg7 Kxg7 29. h4 Rc7 30. Rxc7 Qxc7 31. Qf3 Nc5 32. g5 Qe7 33. Qf4 Kg8
34. Ng4 Rd8 35. Nh6+ Kg7 36. Qe5+ f6 $138 {pierden negras por tiempo} 1-0

[Event "Cto Equipos Aragon 2013 Preferente II"]
[Site "Aragon"]
[Date "2013.03.16"]
[Round "8.63"]
[White "Pellicer Sancho, Rafael Jose"]
[Black "Bayod Rubia, Angel"]
[Result "1/2-1/2"]
[WhiteElo "1733"]
[BlackElo "2024"]
[PlyCount "107"]
[EventDate "2013.??.??"]
[EventType "tourn"]
[EventRounds "9"]
[EventCountry "ESP"]
[WhiteTeam "Ibercaja C"]
[BlackTeam "El Olivar B"]

1. d4 c5 2. d5 e5 3. dxe6 fxe6 4. e4 Nc6 5. Nf3 Be7 6. e5 d6 7. exd6 Qxd6 8.
Qxd6 Bxd6 9. Nc3 a6 10. Be3 Nf6 11. O-O-O Be7 12. Na4 Nd7 13. Bg5 b5 14. Bxe7
Nxe7 15. Nc3 Nf6 16. Ne5 Ned5 17. Nxd5 exd5 18. Nd3 O-O 19. Nxc5 Ne4 20. Nd3
Nxf2 21. Nxf2 Rxf2 22. Rd2 Rf5 23. g4 Re5 24. Bg2 Bb7 25. h4 Rf8 26. Rhd1 Rf4
27. Rd4 Rxd4 28. Rxd4 g5 29. hxg5 Rxg5 30. Bf3 Kf7 31. Kd2 Ke6 32. a4 Bc6 33.
axb5 axb5 34. Rf4 Rg7 35. Rf8 Ke5 36. Kd3 Bd7 37. Rh8 Be6 38. Re8 Rg6 39. c3
Kf4 40. Rf8+ Kg3 41. Kd4 Bxg4 42. Bxd5 h5 43. Rh8 h4 44. Be4 Rg5 45. c4 bxc4
46. Kxc4 h3 47. b4 Be2+ 48. Kd4 Bf1 49. Bc6 Bg2 50. b5 h2 51. Bxg2 Kxg2 52. Kc4
h1=Q 53. Rxh1 Kxh1 54. b6 1/2-1/2